Youth and conflict in Israel-Palestine : storytelling, contested space and the politics of memory /

Bibliographic Details
Main Author: Biggs, Victoria (Author)
Corporate Author: Bloomsbury (Firm)
Format: eBook
Language:English
Published: London [England] : I.B. Tauris, 2020.
Edition:First edition.
Subjects:
Online Access:Connect to the full text of this electronic book

MARC

Tag First Indicator Second Indicator Subfields
LEADER 00000cam a2200000Mi 4500
001 in00004434321
005 20210422122538.0
006 m o d
007 cr cn|||||||||
008 201014s2020 enk ob 101 0 eng d
020 |a 9781838604936  |q (ebook) 
020 |a 1838604936 
020 |z 9781838604912  |q (PDF) 
020 |z 9781838604905  |q (print) 
020 |z 1838604901  |q (print) 
020 |a 183860491X  |q (electronic bk.) 
020 |a 9781838604912  |q (electronic bk.) 
024 8 |a 40030318763 
035 |a (NhCcYBP)ybp301138929 
040 |a NhCcYBP  |c NhCcYBP  |d UtOrBLW 
043 |a a-is---  |a awba---  |a awgz--- 
050 4 |a HQ799.8.I75  |b B559 2020 
082 0 4 |a 305.235095694  |2 23 
100 1 |a Biggs, Victoria,  |e author.  |0 http://id.loc.gov/authorities/names/n2004154188 
245 1 0 |a Youth and conflict in Israel-Palestine :  |b storytelling, contested space and the politics of memory /  |c Victoria Biggs. 
250 |a First edition. 
264 1 |a London [England] :  |b I.B. Tauris,  |c 2020. 
264 2 |a [London, England] :  |b Bloomsbury Publishing,  |c 2020. 
300 |a 1 online resource. 
336 |a text  |2 rdacontent  |b txt 
337 |a electronic  |2 isbdmedia  |b c 
338 |a online resource  |2 rdacarrier  |b cr 
504 |a Includes bibliographical references and index. 
505 0 |a Acknowledgements -- Once Upon an Intifada -- At the Edge of Known Stories -- Field Sites and Fault Lines -- Story against Narrative -- Young People as Storytellers -- Language -- and the Hidden Landscape -- Fairy Tale as an Idiom of Terror -- A Lexicon of Symbols -- Mother Tongues and Other Tongues -- Violence -- in the Narration of Self and Other -- Face to Face: the Fundamental Violence of Storytelling -- Storytelling as Self-Expression and Suppression -- Purity in Narrative? Storytelling as Transgression -- "What Do They Tell About Us?" -- Forbidden -- Histories in Contested Spaces -- Narrative Drifts into Forbidden Terrain -- Topographies of Forbidden History in Israel/Palestine -- "Until the Seventh Wave": The Liquid Borders of Memory -- Happily Ever After? Telling -- Endings -- Unfinished Houses -- The Sense of an Ending: Making Meaning through Narrative Structure -- "To Make the Dream Come True" : Ending Political Violence -- Ending the Research: Central Themes and Patterns -- Bibliography -- Index 
532 0 |a Compliant with Level AA of the Web Content Accessibility Guidelines. Content is displayed as HTML full text which can easily be resized or read with assistive technology, with mark-up that allows screen readers and keyboard-only users to navigate easily 
500 |a Electronic resource. 
650 0 |a Youth, Palestinian Arab  |z Israel  |x Social conditions  |y 21st century. 
650 0 |a Jewish youth  |z Israel  |x Social conditions  |y 21st century. 
650 0 |a Storytelling  |x Social aspects. 
650 0 |a Youth, Palestinian Arab  |z West Bank  |x Social conditions  |y 21st century. 
650 0 |a Youth, Palestinian Arab  |z Gaza Strip  |x Social conditions  |y 21st century. 
650 0 |a Political violence  |z West Bank. 
650 0 |a Political violence  |z Israel. 
650 0 |a Political violence  |z Gaza Strip. 
648 7 |a 2000-2099  |2 fast 
655 7 |a Electronic books.  |2 local 
710 2 |a Bloomsbury (Firm)  |0 http://id.loc.gov/authorities/names/n88072136 
776 1 8 |i Print version:  |z 1 
856 4 0 |u http://proxy.library.tamu.edu/login?url=https://dx.doi.org/10.5040/9781838604936?locatt=label:secondary_bloomsburyCollections  |z Connect to the full text of this electronic book  |t 0 
945 |b 757414 
955 |a YBP purchased approval e-records 
980 |b 219.00  |g 1 
999 f f |s 34f331e2-df22-317a-9092-845d8f87a374  |i b222dfae-2e42-33b4-9e77-0416bb4bbcf3  |t 0 
952 f f |a Texas A&M University  |b College Station  |c Electronic Resources  |d Available Online  |t 0  |e HQ799.8.I75 B559 2020  |h Library of Congress classification 
998 f f |a HQ799.8.I75 B559 2020  |t 0  |l Available Online